Mysticism of the devi Mahatmya / (Record no. 42490)

MARC details
000 -LEADER
fixed length control field 00743nam a22002177a 4500
005 - DATE AND TIME OF LATEST TRANSACTION
control field 20100818155654.0
010 ## - LCCN (DPL NO)
LC control number ENG-100889
020 ## - INTERNATIONAL STANDARD BOOK NUMBER
International Standard Book Number 8185883505
Terms of availability 80.00
035 ## - SYSTEM CONTROL NUMBER
System control number EN-84422
037 ## - SOURCE OF ACQUISITION
Source of stock number/acquisition DBAD/PUB
082 ## - DEWEY DECIMAL CLASSIFICATION NUMBER
Classification number 270
100 ## - MAIN ENTRY--PERSONAL NAME
Personal name Jyotirmayananda
245 ## - TITLE STATEMENT
Title Mysticism of the devi Mahatmya /
Remainder of title worship of the divine mother /
Statement of responsibility, etc by Jyotirmayananda
260 ## - PUBLICATION, DISTRIBUTION, ETC. (IMPRINT)
Place of publication, distribution, etc Ghaziabad
Name of publisher, distributor, etc International Yoga Society
Date of publication, distribution, etc 2005
270 ## - ADDRESS
Address Lal Bagh, loni
City 201102
300 ## - PHYSICAL DESCRIPTION
Extent 225p.
Dimensions 22cm (Hb)
Accompanying material photos
650 ## - SUBJECT ADDED ENTRY--TOPICAL TERM
Topical term or geographic name as entry element Mysticism-Hinduism
650 ## - SUBJECT ADDED ENTRY--TOPICAL TERM
Topical term or geographic name as entry element Durga (Hindu Acity)
942 ## - ADDED ENTRY ELEMENTS (KOHA)
Source of classification or shelving scheme Dewey Decimal Classification
Item type English Books
Classification part 270
Call number suffix JYO
Holdings
Withdrawn status Lost status Not for loan Collection code Home library Current library Date acquired Source of acquisition Cost, normal purchase price Full call number Barcode Copy number Cost, replacement price Koha item type
    Not For Loan Non-fiction D.B.Act.Division D.B.Act.Division 18/08/2010 DBAD/PUB 80.00 270 JYO EN-84422 1 80.00 English Books

© Delhi Public Library
Hit Counter
free hit counter